| 000 | 00594nam a2200253Ia 4500 | ||
|---|---|---|---|
| 003 | 0100 | ||
| 008 | 130307s9999 xx 000 0 und d | ||
| 020 | _a0060657528 | ||
| 040 | _cARRUPELIB | ||
| 050 | _aBX4705.D283M54 1982 | ||
| 100 | _aMiller, William D | ||
| 245 | _aDorothy Day | ||
| 245 | _bA biography | ||
| 260 | _aSan Francisco | ||
| 260 | _bHarper and Row | ||
| 260 | _c1982 | ||
| 300 | _a527p. | ||
| 300 | _b24cm | ||
| 650 | _aCATHOLIC CHURCH | ||
| 650 | _bKnowledge, Sociology of | ||
| 650 | _cKnowledge, Theory of | ||
| 650 | _dResearch, Methodology | ||
| 942 | 0 | 0 | _01 |
| 999 |
_c98351 _d98351 |
||